01178cam a2200337 i 450000100090000000300040000900500170001300800410003001000170007102000180008802000250010602000220013104000280015304200080018105000250018908200170021410000270023124501580025825000340041626400370045030000500048733600260053733700280056333800270059149000270061850000870064550000200073265000350075270000210078770000320080819404205OSt20231004131946.0161212r20182009nyua 001 0 eng  a 2016055055 a9789332549593 a9780134696447 (pbk.) a0134696441 (pbk.) aDLCbengcDLCerdadDLC apcc00aQA76.9.M35bK64 201800a511.6bKOL/D aKolman, Bernardd1932-10aDiscrete mathematical structures /cBernard Kolman, Drexel University, Robert C. Busby, Drexel University, Sharon Cutler Ross, Georgia Perimeter College. aSixth edition [2018 reissue]. 1aNew York, NY :bPearson,c[2018] a540 p :billustrations (some color) ;c26 cm. atextbtxt2rdacontent aunmediatedbn2rdamedia avolumebnc2rdacarrier0 aPearson modern classic aOriginally published in 2009, reissued as part of Pearson's modern classic series. aIncludes index. 0aComputer sciencexMathematics.1 aBusby, Robert C.1 aRoss, Sharon Cutler,d1943-